| 000 | 00786nam a22002537a 4500 | ||
|---|---|---|---|
| 999 |
_c3629 _d3629 |
||
| 001 | 4220 | ||
| 003 | BD-DhUAP | ||
| 005 | 20200310122934.0 | ||
| 008 | 200310s20122002bg ||||| b||| 00| 0 eng d | ||
| 020 | _a984074660X | ||
| 020 | _a9840740679 | ||
| 040 |
_aBD-DhUAP _bEng _cBD-DhUAP _dBD-DhUAP |
||
| 082 |
_223 _a491.4403 BAN |
||
| 245 |
_aBangla Academy Bengali-English dictionary / _cEditors, Mohammad Ali, Mohammad Moniruzzaman and Jahangir Tareque. |
||
| 250 | _a1st ed | ||
| 260 |
_aDhaka : _bBangla Academy, _cc1994 [Reprinted 2008]. |
||
| 300 |
_a878 pages ; _c22 cm. |
||
| 650 |
_aBengali language _vDictionaries _vEnglish. |
||
| 650 | _aBengali language. | ||
| 700 | _aAli, Mohammad. | ||
| 700 | _aMoniruzzaman, Mohammad. | ||
| 700 | _aTareque, Jahangir. | ||
| 942 |
_2ddc _cBK |
||